00327nam a2200109Ia 4500008004000000082001500040100004300055245003600098260004000134300001100174650003200185210210b1964 xxu||||| |||| 00| 0 eng d a547.3 SNEC aSNELL (Foster Dee) & BIFFEN (Frank M). aCommercial methods of analysis. aBombaybD B Taraporevala sonsc1964 aix,753 aCommercial Methods Analysis